000 00581nam a2200241Ia 4500
005 20260320201147.0
008 008 262003s9999 xx 000 0 eng d
037 _aEBOOK
040 _aCRL
040 _beng
040 _cCRL
041 _2eng
041 _aeng
084 _qCRL
100 _aChew
_91134372
245 4 _aThe Wireless Internet of Things: A Guide to the Lower Layers
260 _bIEEE
260 _c2019
856 _uhttps://ieeexplore.ieee.org/servlet/opac?bknumber=8538802
942 _cEBOOK
999 _c1719301
_d1719301